[Event "70th RUS-ch Women Higher League 2020"]
[Site "Sochi"]
[Date "2020.10.10"]
[Round "3.18"]
[White "Ovod, Evgenija"]
[Black "Charochkina, Daria"]
[Result "1/2-1/2"]
[WhiteElo "2372"]
[BlackElo "2356"]
[Annotator "TA"]
[PlyCount "76"]
[EventDate "2020.10.08"]
[EventType "swiss"]
[EventCountry "RUS"]
[SourceTitle "playchess.com"]
[Source "ChessBase"]
[SourceQuality "1"]

{[%evp 10,76,31,33,28,0,0,-20,25,8,64,18,55,40,69,75,104,77,75,68,108,89,123,113,75,72,77,0,37,10,0,0,87,47,35,28,79,39,25,19,53,31,50,34,27,43,214,222,285,278,264,274,281,279,243,269,252,185,203,0,0,-129,-129,-12840,-12840,-29996,-29997,-29998,-29999]} 1. e4 c5 2. c3 b6 3. d4 Bb7 4. Bd3 Nf6 5. Nd2 e6 6. Ngf3 d5 {[%cal Rd5e4] B00: Queen's Fianchetto Defence, Nimzowitsch Defence.} 7. exd5 Qxd5 8. O-O Nc6 {[%cal Rc5d4] The position is equal.} 9. Bc4 Qf5 {[#]} (9... Qd8 $11) 10. Nb3 $146 ({Predecessor:} 10. Qa4 Nd7 11. Bb5 Rc8 12. Ne5 cxd4 13. Bxc6 Rxc6 14. Nxc6 b5 15. Qxd4 Bxc6 16. Nb3 {1-0 (39) Csuta,A (1975)-Steffens,O (2271) Balatonalmadi 2015}) 10... Bd6 11. dxc5 (11. Nh4 $5 {[%cal Rh4f5]} Qe4 12. f4 $14) 11... Bc7 12. cxb6 axb6 13. Nbd4 Nxd4 14. Nxd4 Qe5 {[%csl Gc7][%cal Re5h2]} 15. f4 Qc5 16. Qe2 O-O 17. b4 Qe7 18. Nf5 (18. a4 $16) 18... Qe8 (18... Qd8 $5 {[%cal Re6f5]} 19. Nd4 Ne4 $11) 19. Bb5 Qd8 20. Ne3 e5 (20... Ne4 $11 21. Bb2 Qh4) 21. f5 e4 22. Bb2 h5 (22... Qd6 $11 23. g3 Qe7) 23. a3 Qd6 24. g3 h4 25. Rad1 Qe7 26. gxh4 Rad8 27. c4 Rd3 $2 ({Better is} 27... Be5 $14) 28. Ng4 $1 $18 {[%cal Rg4f6]} ({Stronger than} 28. Rxd3 exd3 29. Qd2 (29. Qxd3 $2 Rd8 $19) 29... Rd8 $17) 28... Nxg4 29. Qxg4 {[%csl Gb2][%cal Rg4g7]} f6 {[#]} 30. c5 $1 Rfd8 31. Bxd3 Rxd3 32. Rxd3 exd3 33. Qc4+ Kh8 34. Qxd3 $2 (34. Qe6 $18 Qxe6 35. fxe6 bxc5 36. bxc5) 34... bxc5 $11 {[%cal Bb6c5,Bc5c4][%mdl 32] And now ...Bb6 would win.} 35. Rc1 {[#]} (35. Kf2 $11 {keeps the balance.} cxb4 36. Qe3) 35... c4 $1 $40 {[%cal Rc4d3][%mdl 128] White is in trouble.} 36. Qd2 $2 {[%mdl 8192] [#]} ({Don't blunder} 36. Qxc4 $2 Qe3+ 37. Kf1 Bb6 $19) (36. Bxf6 $17 Qxf6 37. Rxc4) 36... Qe4 $1 $19 {[%csl LRf5,LRh4][%mdl 576] ( -> ...Bb6+). Double Attack} 37. Bxf6 Bb6+ 38. Kf1 Qh1+ {[%mdl 32768] Accuracy: White = 53%, Black = 48%. . An unexpected result.} 1/2-1/2

[Event "70th RUS-ch Women Higher League 2020"]
[Site "Sochi"]
[Date "2020.10.11"]
[Round "4.1"]
[White "Grigorieva, Yulia"]
[Black "Gunina, Valentina"]
[Result "0-1"]
[WhiteElo "2237"]
[BlackElo "2431"]
[Annotator "TA"]
[PlyCount "66"]
[EventDate "2020.10.08"]
[EventType "swiss"]
[EventCountry "RUS"]
[SourceTitle "playchess.com"]
[Source "ChessBase"]
[SourceQuality "1"]

{[%evp 12,66,33,6,22,-1,47,22,32,1,10,5,15,19,45,35,59,-53,78,83,88,83,105,0,0,-23,-5,-14,-54,-88,-89,-84,-100,-98,-104,-107,-103,-106,-87,-98,-122,-157,-44,-137,-135,-961,-948,-29988,-694,-698,-706,-860,-801,-1357,-1340,-1304,-777]} 1. e4 c6 2. d4 d5 3. e5 Bf5 4. Nf3 e6 5. Be2 Nd7 6. O-O Ne7 7. Nh4 Be4 {B12: Caro-Kann: Advance Variation.} 8. Nd2 {[%cal Bb1d2,Bd2f3,Bf3g5][%mdl 32]} Nf5 (8... c5 {seems wilder.} 9. Nxe4 dxe4 10. g3 Qb6 11. c3 Rd8) 9. Nxf5 Bxf5 {The position is equal.} 10. g4 Bg6 11. f4 {[#]} f6 $146 ({Predecessor:} 11... Qh4 12. Rf2 O-O-O 13. g5 Be4 14. Nxe4 dxe4 15. Be3 Nb6 16. c4 c5 17. d5 Qh3 {0-1 (45) Spisak,C (2359)-Rudolf,M (2428) Wysowa 2003}) 12. f5 Bf7 13. Nf3 Qb6 14. a4 (14. Bf4 $14) 14... fxe5 (14... Nxe5 $1 $15 {keeps the upper hand.} 15. a5 Nxf3+ 16. Bxf3 (16. Rxf3 Qc7 $15) 16... Qc7) 15. a5 $1 $16 {[%cal Ra5b6]} Qc7 16. Ng5 exf5 17. gxf5 ({And not} 17. Rxf5 Bg6 $17) (17. Nxf7 $16 Kxf7 18. Rxf5+ Kg8 19. c4) 17... Nf6 18. dxe5 Bc5+ 19. Kh1 $1 Qxe5 20. Bf4 Qe7 $1 ({Worse is} 20... Qxb2 21. Rb1 $16) 21. Bd3 {[#]} O-O $1 22. Re1 {[#]} Ne4 $1 {[%mdl 512]} 23. Nxe4 (23. Bxe4 dxe4) 23... dxe4 24. Bxe4 Rae8 {Strongly threatening ...Qxe4+.} 25. Bg2 Qf6 26. Qd7 Rd8 ({Black should try} 26... Qxb2 $17 27. a6 bxa6 28. Qxc6 Qb5) 27. Qc7 (27. Qxb7 $15 Qxf5 28. Qxc6) 27... Qxf5 $17 {And now ...Bd5 would win.} 28. Be5 $2 {[%mdl 8192] Now White is beyond hope.} (28. Qe5 $17 Bd5 29. Bxd5+ Rxd5 30. Qxf5 Rfxf5 31. Re8+ Kf7 32. Re4) 28... Rd7 $19 29. Be4 Qxe4+ (29... Bh5 $142 30. Bd5+ {[#]} Kh8 $1 {[%mdl 512]} 31. Bg2 Bf3 32. Bxg7+ Rxg7 33. Qxg7+ Kxg7 34. Re7+ Bxe7 35. b4 Bxg2+ 36. Kxg2 Qf3+ 37. Kg1 Bd6 38. h4 Qg3+ {[%mdl 64] Double Attack} 39. Kh1 Qh2#) 30. Rxe4 {Black is clearly winning.} Rxc7 31. c4 Re7 32. h4 Rfe8 33. Rae1 Bd6 {Accuracy: White = 45%, Black = 62%.} 0-1

[Event "70th RUS-ch Women Higher League 2020"]
[Site "Sochi"]
[Date "2020.10.11"]
[Round "4.2"]
[White "Gritsayeva, Oksana"]
[Black "Guseva, Marina"]
[Result "1/2-1/2"]
[WhiteElo "2373"]
[BlackElo "2377"]
[Annotator "TA"]
[PlyCount "162"]
[EventDate "2020.10.08"]
[EventType "swiss"]
[EventCountry "RUS"]
[SourceTitle "playchess.com"]
[Source "ChessBase"]
[SourceQuality "1"]

{[%evp 9,162,-12,21,23,36,31,33,15,22,10,0,0,10,8,18,2,14,14,8,6,16,0,0,0,4,3,22,20,41,25,35,12,28,16,12,17,14,0,17,3,8,0,31,39,31,18,23,16,16,14,16,0,10,11,14,0,38,38,41,47,33,25,34,18,27,18,31,23,49,37,64,12,35,0,0,0,16,0,68,18,51,51,51,51,51,51,64,77,70,76,79,78,77,76,160,75,159,162,169,145,136,9,195,195,287,277,342,311,347,243,192,30,43,0,0,0,8,0,8,0,0,0,0,0,0,0,0,0,0,0,0,0,0,0,0,0,0,0,0,0,0,0,0,0,0,0,0,0,0,-8,-8,-20,-20,-20,-20]} 1. e4 c6 2. Nf3 d5 3. d3 dxe4 4. dxe4 Qxd1+ 5. Kxd1 Bg4 6. Be2 {B10: Caro-Kann: 2 d3 and 2 c4.} Nd7 7. Ne1 Bxe2+ 8. Kxe2 {White is slightly better.} e6 9. f3 {[#]} f5 $146 ({Predecessor:} 9... Bc5 10. Nd3 Bb6 11. a4 O-O-O 12. Na3 Nc5 13. Ne5 Rf8 14. Nac4 Bc7 15. Be3 Na6 16. Bxa7 {1-0 (24) Demchenko,A (2641)-Toropov,P (2336) chess.com INT 2020}) 10. Be3 Ngf6 11. Nd2 fxe4 12. fxe4 Bd6 13. Nd3 Bc7 14. a4 a6 15. Rad1 O-O 16. Bd4 Rf7 17. g3 Raf8 18. Rhf1 h6 19. Rf3 Ng4 20. h3 Nge5 21. Bxe5 Nxe5 22. Rxf7 Rxf7 23. g4 Ng6 24. Rf1 Re7 25. Nf3 Nf4+ 26. Nxf4 Bxf4 $14 {[%mdl 4096] Endgame KRB-KRN} 27. Rd1 Bc7 28. c3 Kf7 29. b4 Ke8 30. Rb1 Bf4 31. Ne1 Be5 32. Rb3 g6 33. Nd3 Bc7 34. Rb1 Rf7 35. Rd1 b6 36. Ke3 Ke7 37. c4 Rf8 38. e5 Rd8 39. Rf1 Rf8 40. Rc1 (40. Nf4 $14 Rg8 41. Ke4) 40... Ra8 41. Ke4 a5 42. c5 bxc5 43. Rxc5 Kd7 (43... axb4 $11 44. Rxc6 Bd8) 44. Rc4 Bb6 45. bxa5 $1 Bxa5 46. Nc5+ Ke7 47. Nb3 Bd8 48. Nd4 c5 49. Nb3 $1 Bb6 50. a5 $1 {[%cal Ra5b6]} Ba7 51. Rc3 ({Of course not} 51. Nxc5 Rc8 $11) 51... Rc8 {[#]} (51... Rb8 $142) 52. Kd3 ({White should try} 52. Nd4 $1) 52... Kd7 (52... Rb8 $142) 53. Kc4 $16 Kc6 54. Rd3 Bb8 {With the idea ...Rf8.} 55. Re3 (55. Nxc5 $16 {Strongly threatening Rb3.} Bxe5 56. Nxe6) 55... Bc7 $2 (55... Ba7 $1 $11) 56. Nxc5 $18 Bxa5 (56... Re8 $142 57. Ra3 Re7) 57. Nxe6 Kd7+ 58. Kd5 Rb8 59. Nc5+ Ke7 {[#]} 60. Ra3 $2 (60. Rb3 $1 $18 {[%cal Rb3b8]} Rb6 61. Rxb6 Bxb6 62. Nd3) 60... Rb5 $1 $11 61. Ra2 (61. Rb3 $5 {[%cal Rb3b5]} Bb4 62. Ke4 Rxc5 63. Rxb4 $16) 61... Bb6 {The position is equal.} 62. Rc2 Ra5 63. Rc3 h5 64. g5 h4 65. Rc4 Ba7 66. Kc6 Bxc5 67. Rxc5 {KR-KR} Ra3 {Hoping for ...Ke6.} 68. Kd5 Rd3+ 69. Ke4 Rxh3 70. Rc7+ Kf8 71. e6 Rh1 72. Ke5 h3 73. Rc8+ Ke7 74. Rc7+ Ke8 75. Rc8+ Ke7 76. Rc7+ Kd8 77. Rc2 {Threatens to win with Kf6.} h2 78. Re2 Ke7 79. Ke4 Kxe6 80. Kf3+ Kf5 {( -> ...Rf1+)} 81. Kg2 Ra1 {Black defended with fortune. Accuracy: White = 82%, Black = 75%.} 1/2-1/2

[Event "70th RUS-ch Women Higher League 2020"]
[Site "Sochi"]
[Date "2020.10.11"]
[Round "4.3"]
[White "Belenkaya, Dina"]
[Black "Kovalevskaya, Ekaterina"]
[Result "0-1"]
[WhiteElo "2297"]
[BlackElo "2384"]
[Annotator "TA"]
[PlyCount "98"]
[EventDate "2020.10.08"]
[EventType "swiss"]
[EventCountry "RUS"]
[SourceTitle "playchess.com"]
[Source "ChessBase"]
[SourceQuality "1"]

{[%evp 15,97,13,13,13,16,15,12,12,9,8,19,26,25,25,26,13,16,55,66,49,113,97,111,108,156,148,135,118,146,152,148,110,107,96,108,102,103,100,93,98,100,87,87,84,107,86,71,85,91,89,107,107,153,131,124,86,95,38,43,18,19,26,18,0,0,0,0,0,0,0,0,-29988,173,-29989,-29990,-29995,-29996,-29996,-29997,-29997,-29998,-29998,-29999,-29999]} 1. e4 c5 2. Nf3 Nc6 3. Bb5 g6 4. O-O Bg7 5. c3 Nf6 6. Re1 O-O 7. d4 d5 {The modern move.} 8. e5 Ne4 9. Be3 {B31: Sicilian: 2...Nc6 3 Bb5 g6.} cxd4 10. cxd4 Qb6 11. Bxc6 {The position is equal.} bxc6 12. Qc1 f6 (12... a5 {keeps more tension.} 13. h3 a4 14. Nc3 Be6 15. Re2 Rfb8) 13. Nc3 Nxc3 14. Qxc3 Rb8 15. b3 {[%cal Bb2b3,Bb3b4][%mdl 32]} Bg4 16. Nd2 {[#]} Rfd8 $146 ({Predecessor:} 16... Rbc8 17. b4 fxe5 18. dxe5 Qc7 19. Bd4 a5 20. a3 axb4 21. axb4 Rb8 22. Ra7 Rb7 {1-0 (43) Nemcova,K (1983)-Peycheva,G (2270) Pardubice 2020}) 17. Bf4 Rbc8 ({Better is} 17... Qb4 $14 18. Rac1 Qxc3 19. Rxc3 Rb4) 18. b4 $16 Rf8 19. Nb3 h5 20. h3 Bf5 21. Nc5 Qb5 22. e6 g5 23. Bh2 Qc4 24. Qd2 {Hoping for Rac1.} Qc2 25. Qxc2 Bxc2 26. Rac1 Bg6 27. Rc3 Bh6 28. Ra3 Ra8 29. Ra6 g4 30. Re2 gxh3 31. Rxc6 hxg2 32. Rc7 Rfe8 33. Kxg2 Bf5 34. b5 Kh8 35. f3 Rg8+ 36. Kf2 ({White should try} 36. Kh1 $16) 36... Rg7 $14 37. Ke1 (37. Rd7 $5) 37... Rag8 38. Rxa7 Rg2 $1 {[%cal Rg2e2]} 39. Rxg2 Rxg2 40. Bc7 {aiming for b6.} ({Don't play} 40. Rxe7 Bd2+ 41. Kf1 Rxh2 $17) 40... Rb2 41. b6 Rb1+ 42. Kf2 Rb2+ 43. Kg3 $2 {[%mdl 8192] [#]} (43. Kf1 $11 h4 44. Ke1) 43... h4+ $1 {[%mdl 512]} 44. Kxh4 {[#]} Rg2 $1 {Black mates.} 45. f4 Kh7 46. Ne4 dxe4 47. Ra5 {[#]} Bg5+ $1 {[%mdl 512]} 48. fxg5 fxg5+ 49. Kh5 Bg6# {What a bad dream for White. Accuracy: White = 89%, Black = 89%.} 0-1

[Event "70th RUS-ch Women Higher League 2020"]
[Site "Sochi"]
[Date "2020.10.11"]
[Round "4.4"]
[White "Vasilevich, Tatjana"]
[Black "Goltseva, Ekaterina"]
[Result "0-1"]
[WhiteElo "2360"]
[BlackElo "2294"]
[Annotator "TA"]
[PlyCount "89"]
[EventDate "2020.10.08"]
[EventType "swiss"]
[EventCountry "RUS"]
[SourceTitle "playchess.com"]
[Source "ChessBase"]
[SourceQuality "1"]

{[%evp 9,89,9,22,33,63,40,27,3,36,43,38,46,39,-9,2,-78,-91,-51,-46,-79,-17,-19,-15,-23,-25,-28,0,0,0,0,0,-33,-28,-79,-37,-60,-48,-60,-52,-62,-36,-54,-10,-48,-8,-55,-55,-64,88,75,78,76,145,0,0,-47,-43,-53,-87,-105,-72,-106,0,-785,-735,-1322,-1299,-1392,-1416,-2776,-2756,-5701,-2550,-4335,-4989,-3203,-2442,-2676,-1981,-3872,-3064,-29993]} 1. d4 Nf6 2. Bg5 Ne4 3. Bf4 d5 4. e3 e6 5. Bd3 Nf6 6. Nf3 {A45: Trompowsky Attack.} Be7 7. Nbd2 Nbd7 8. c3 {White has an edge.} c5 9. Ne5 Nxe5 10. dxe5 Nd7 {[#]} 11. Bg3 $146 ({Predecessor:} 11. h3 b6 12. Qe2 Bb7 13. e4 Bg5 14. Qg4 Bxf4 15. Qxf4 c4 16. Bc2 Nc5 17. O-O {0-1 (34) Cespedes Galindo,E (1737)-Sarmiento,C (1631) Bogota 2017}) 11... Qc7 12. f4 (12. Qh5 $11) 12... c4 $17 13. Bc2 Qb6 $1 {[%csl LRb2,LRe3][%mdl 64] Double Attack} 14. O-O Qxe3+ (14... Qxb2 $17 15. Bf2 Qxc3) 15. Kh1 $11 g6 16. Nf3 {And now Nd4 would win.} Qb6 17. b3 cxb3 18. axb3 Nc5 19. Bf2 {Strongly threatening b4.} Qc7 20. Nd4 Bd7 21. Qd2 (21. b4 $11 {remains equal.} Ne4 22. Bxe4 dxe4 23. Qc2) 21... a6 22. Rfe1 Rc8 23. Qe3 b5 24. Rec1 Qb7 25. Be1 Bd8 26. Bd2 (26. b4 $5 {[%cal Rb4c5]} Ne4 27. Bxe4 dxe4 28. Bf2 $11) 26... a5 27. b4 (27. f5 $5) 27... axb4 28. cxb4 Na4 $2 (28... Ne4 $15 {stays ahead.}) 29. f5 $1 $16 {[%cal Rf5e6]} gxf5 30. Qh6 $36 {[%mdl 2048] White has strong initiative.} Be7 {[#]} (30... Qb8 $142) 31. Qg7 ({White has to play} 31. Bd1 $1 $16) 31... Rf8 $11 32. Qxh7 {Black should prevent Bh6.} Rc4 33. Nf3 Rg4 $1 ({Reject} 33... Bxb4 $6 34. Bh6 $16) 34. Bh6 Rfg8 {White must now prevent ...d4.} (34... Bxb4 $2 35. Rcb1 $18) 35. h4 Bxh4 {[#]} ({Much worse is} 35... Bxb4 $6 36. Rcb1 $11) (35... d4 $17 36. Bg5 Rf8) 36. Bg5 $2 {[%mdl 8192]} (36. Ng5 $1 $11 {[%mdl 512]} R8xg5 (36... R4xg5 37. Bxg5) 37. Bd1) 36... R8xg5 $19 {Black is clearly winning.} 37. Bxf5 exf5 38. e6 Bxe6 39. Nd4 Bf2 40. Nf3 Rg7 41. Qh8+ Rg8 42. Qe5 Bg3 43. Qf6 Qe7 44. Qh6 Bf4 {[%mdl 64] Double Attack, Discovered Attack} 45. Ng1 {Accuracy: White = 65%, Black = 56%.} 0-1

[Event "70th RUS-ch Women Higher League 2020"]
[Site "Sochi"]
[Date "2020.10.11"]
[Round "4.5"]
[White "Shafigullina, Zarina"]
[Black "Voit, Daria"]
[Result "1/2-1/2"]
[WhiteElo "2296"]
[BlackElo "2343"]
[Annotator "TA"]
[PlyCount "80"]
[EventDate "2020.10.08"]
[EventType "swiss"]
[EventCountry "RUS"]
[SourceTitle "playchess.com"]
[Source "ChessBase"]
[SourceQuality "1"]

{[%evp 16,80,14,18,25,17,14,7,9,-2,4,0,18,-10,0,0,-2,-10,-15,-10,8,-8,0,0,0,0,0,0,0,0,0,0,0,-10,-6,-6,-8,-7,-7,-47,-47,-47,-47,-47,-47,-47,-47,-103,-103,-103,-28,-28,-28,-28,-28,-28,-28,-28,-28,-28,0,-28,0,-28,0,-28,0]} 1. d4 d5 2. Nf3 Nf6 3. g3 g6 4. Bg2 Bg7 5. c4 c6 6. b3 O-O 7. O-O Bf5 8. Nc3 Ne4 9. Bb2 Nxc3 {D78: Fianchetto Grünfeld: 6 0-0 c6.} 10. Bxc3 Be4 11. Qd2 {[#]} a5 $146 {The position is equal.} ({Predecessor:} 11... Nd7 12. Rfc1 Re8 13. cxd5 Bxd5 14. e3 e5 15. Nxe5 Nxe5 16. dxe5 Bxg2 17. Qxd8 Raxd8 18. Kxg2 Bxe5 19. Bxe5 Rxe5 {½-½ (48) Meijers,V (2462)-Sanikidze,T (2503) Vandoeuvre 2016}) 12. Bh3 Bxf3 13. exf3 e6 14. Rab1 Qc7 15. Rfc1 Rd8 16. f4 Nd7 17. Bg2 Nf6 18. Qe1 Rd7 19. Bb2 a4 20. c5 axb3 21. axb3 b5 22. Ra1 Qb8 23. b4 Ra4 24. Rxa4 bxa4 25. Ra1 Ra7 26. Bf1 Ne8 27. Bc3 Nc7 28. Qd1 Nb5 29. Bxb5 Qxb5 30. Qf1 Kf8 (30... h6 {with more complications.} 31. Ra3 Kf8 32. Qd1 Bf6 33. Qd2 Kg7) 31. Qxb5 (31. Ra3 $15) 31... cxb5 $15 {[%mdl 4096] Endgame KRB-KRB} 32. Kf1 f5 (32... h5 $17) 33. Ke2 $11 Bf6 34. h4 h5 35. Kd3 Kf7 36. Rc1 Ra6 37. Ra1 Ra7 38. Rc1 Ra6 39. Ra1 Ra7 40. Rc1 Ra6 {Accuracy: White = 89%, Black = 92%.} 1/2-1/2

[Event "70th RUS-ch Women Higher League 2020"]
[Site "Sochi"]
[Date "2020.10.11"]
[Round "4.6"]
[White "Garifullina, Leya"]
[Black "Potapova, Margarita"]
[Result "1-0"]
[WhiteElo "2335"]
[BlackElo "2270"]
[Annotator "TA"]
[PlyCount "151"]
[EventDate "2020.10.08"]
[EventType "swiss"]
[EventCountry "RUS"]
[SourceTitle "playchess.com"]
[Source "ChessBase"]
[SourceQuality "1"]

{[%evp 9,151,25,35,20,48,26,34,30,45,27,29,31,31,28,43,44,49,53,75,41,86,52,98,91,98,46,43,47,72,53,43,-4,0,0,12,9,16,18,23,-3,0,-4,6,0,63,65,55,51,150,150,150,143,147,123,109,110,179,166,216,213,281,279,360,332,381,281,304,326,518,325,318,318,301,239,282,255,250,87,87,80,80,91,91,83,310,301,864,308,286,420,401,369,367,342,256,125,125,125,125,125,125,125,125,125,125,125,125,125,125,125,125,125,125,124,124,125,125,8,602,595,5870,5870,5608,5509,5604,1570,5336,1123,4594,1196,29978,29979,29979,29980,29988,29989,29992,29989,29989,29990,29990,29991,29991,29992]} 1. e4 c5 2. Nf3 d6 3. Bb5+ Nd7 4. a4 Ngf6 5. Nc3 g6 6. a5 {B51: Sicilian: Moscow Variation (3 Bb5+) without 3...Bd7.} a6 7. Be2 Bg7 8. O-O {White is slightly better.} O-O 9. Re1 e5 10. d3 {[#]} Nb8 $146 ({Predecessor:} 10... h6 11. Nd2 b5 12. axb6 Nxb6 13. Nc4 Be6 14. Be3 Nc8 15. Ra4 Ne8 16. Bf3 Nc7 17. b3 Rb8 18. Bd2 Qd7 19. Ne3 Nb6 20. Ra5 {½-½ (20) Predojevic,B (2614)-Radovanovic,N (2398) Mali Losinj 2017}) 11. Nd5 $36 {[%mdl 2048] White has the initiative.} Be6 12. Nb6 Ra7 13. Ng5 Nc6 14. Bd2 Qc7 15. Qb1 Nd7 16. Nxe6 fxe6 17. Nc4 ({White should try} 17. Bg4 $16 Kh8 18. Bxe6 Nxb6 19. axb6 Qxb6 20. c3) 17... d5 $14 18. Ne3 Qd6 19. Qc1 Raa8 20. Ng4 Nf6 21. c3 Rac8 22. Rf1 Nh5 23. g3 Nf6 24. Bh6 Nxg4 25. Bxg4 Rce8 26. h4 (26. Be3 {feels hotter.} Rf7 27. h4 h5 28. Bd1 Ref8 29. Bg5) 26... Qc7 (26... Bxh6 $11 27. Qxh6 Rf6) 27. Bxe6+ $1 Rxe6 28. exd5 Nxa5 (28... Bxh6 $14 29. Qxh6 Rd6 30. dxc6 Rxd3) 29. Bxg7 $16 Kxg7 30. dxe6 {aiming for Qe3.} Nb3 31. Qg5 {Black must now prevent Rae1.} Nxa1 32. Rxa1 {[%mdl 4096] Endgame KQR-KQR} Rf5 (32... Re8 $16) 33. Qe3 $18 Kf6 34. Re1 $1 h5 35. d4 cxd4 36. cxd4 Kxe6 37. f4 ({Less strong is} 37. Qb3+ Ke7 $18) 37... Qc4 38. dxe5 Rf7 (38... Rf8 {keeps fighting.} 39. Rd1 Kf7) 39. Qb6+ Qc6 40. Qxc6+ bxc6 {KR-KR} 41. Rd1 Rb7 42. Rd6+ Kf5 43. Kg2 $2 (43. Rxc6 $18 a5 44. Kf2) 43... Rxb2+ $16 44. Kh3 Rc2 45. Rf6+ Ke4 46. Rxg6 Kf3 $2 {[#]} (46... a5 $16) 47. Rd6 $1 $18 c5 $2 (47... Rc1 48. Rd3+ Ke4) 48. Rd3+ $2 (48. e6) 48... Ke4 {[#]} 49. Rd1 $1 {[%cal Rd1e1]} Re2 50. e6 c4 51. e7 Kf5 52. Rc1 (52. Rd5+ $18 {and the rest is easy.} Kg6 53. Rg5+ Kf7 54. Rxh5) 52... Rxe7 $16 {...Rc7 is the strong threat.} 53. Rxc4 Rf7 54. Rc5+ Kg6 55. Ra5 Rf6 56. Kg2 Rb6 57. Ra3 Kf5 58. Kf3 Kf6 59. g4 hxg4+ 60. Kxg4 Kg6 61. h5+ Kh6 62. Ra4 Rc6 63. f5 (63. Ra5 $16) 63... Rb6 $2 {[%mdl 8192]} (63... a5 $11) 64. Re4 $18 {Intending Re6+ and mate.} Kg7 65. Kg5 Kf7 66. Rc4 Rb7 67. Rc6 (67. h6 $142 Rb1 68. Rc7+ Kg8 69. f6) 67... a5 68. Ra6 (68. h6 $142 Rb1 69. Rc7+ Kg8 70. Rg7+ Kh8 71. f6) 68... Kg7 69. Rxa5 (69. f6+ $142 Kf7 70. Rxa5) 69... Rc7 70. h6+ {White mates.} Kh7 71. f6 Rb7 72. Re5 Kg8 73. Re8+ Kf7 {[#]} 74. Re7+ $1 Rxe7 75. fxe7 Kxe7 76. h7 {Accuracy: White = 64%, Black = 53%.} 1-0

[Event "70th RUS-ch Women Higher League 2020"]
[Site "Sochi"]
[Date "2020.10.11"]
[Round "4.7"]
[White "Yakimova, Mariya"]
[Black "Kovanova, Baira"]
[Result "0-1"]
[WhiteElo "2269"]
[BlackElo "2324"]
[Annotator "TA"]
[PlyCount "92"]
[EventDate "2020.10.08"]
[EventType "swiss"]
[EventCountry "RUS"]
[SourceTitle "playchess.com"]
[Source "ChessBase"]
[SourceQuality "1"]

{[%evp 21,92,64,78,52,74,0,33,0,0,0,41,22,47,29,29,37,39,0,0,-36,-34,-42,-20,-24,-24,-80,-80,-80,-77,-102,-95,-99,-93,-105,-115,-106,-41,-92,-34,-81,-95,-185,-6,-28,-75,-327,-327,-317,-304,-324,-474,-442,-435,-805,-774,-1337,-1176,-12822,-1347,-939,0,-1879,-910,-12830,-12831,-12832,-12833,-12831,-12832,-12832,-12830,-12842,-12843]} 1. d4 Nf6 2. c4 c5 3. d5 b5 4. cxb5 a6 5. bxa6 g6 6. Nc3 Bxa6 7. Nf3 d6 8. e4 Bxf1 9. Kxf1 Bg7 10. g3 O-O 11. Kg2 Qb6 12. Re1 {A59: Benko/Volga Gambit: White castles by hand.} Na6 13. Nd2 Nb4 $1 14. Nc4 {White is slightly better.} Qa6 15. Qe2 Rfb8 {[#]} 16. a4 $146 ({Predecessor:} 16. Bf4 h6 17. Rec1 Qb7 18. a3 Na6 19. Rab1 g5 20. Bd2 Qd7 21. Rd1 Qb7 22. Na5 {1-0 (57) Genov,P (2447)-Ghaem Maghami,E (2500) Lausanne 2001}) 16... Nd7 17. Ra3 Nc2 18. Qxc2 Qxc4 19. f4 Bxc3 20. bxc3 Ra5 21. Qe2 Nb6 22. f5 Rba8 23. Bg5 {[#]} (23. h4 $11 {keeps the balance.}) 23... Qxe2+ $1 $17 24. Rxe2 f6 $36 {[%mdl 2048] Black is in control.} 25. Bh6 Nc4 26. Rb3 Rxa4 27. Rb7 Kf7 28. h4 Ne5 ({Better is} 28... Ra3 $17 29. Rc2 gxf5 30. exf5 R3a7 31. Rxa7 Rxa7) 29. Bf4 {[#]} (29. fxg6+ $1 $15 hxg6 30. Bf4) 29... Ra2 (29... gxf5 $1 $17 30. exf5 Ra2 31. Rxa2 Rxa2+ 32. Kf1 Rc2) 30. Rxa2 Rxa2+ $15 {[%mdl 4096] Endgame KRB-KRN} 31. Kh3 (31. Kf1 $17) 31... Ra4 $2 ({Black should play} 31... gxf5 $19 {( -> ...Ng4)} 32. exf5 h5 33. Bxe5 fxe5) 32. Bxe5 fxe5 33. fxg6+ $2 {[%mdl 8192]} (33. Rb8 $17) 33... hxg6 $11 {KR-KR} 34. Kg4 Rxe4+ 35. Kg5 Re3 36. g4 Rxc3 37. h5 (37. Rb1 $142 e4 38. Re1) 37... gxh5 $19 38. gxh5 Rg3+ 39. Kf5 Rh3 (39... Rd3 $142 40. h6 e4) 40. Kg5 Rg3+ (40... e4 $142 41. Rb1 Rg3+ 42. Kf4 Rd3) 41. Kf5 {[#]} e4 $1 {Black is clearly winning.} 42. Rb1 (42. Kxe4 Rg5) 42... Rd3 43. Kg5 Kg7 44. h6+ Kh7 45. Kf5 Rxd5+ 46. Ke6 Re5+ {Accuracy: White = 41%, Black = 75%.} 0-1